000
00214nam a2200097Ia 4500
005
20251222114356.0
008
251222s1900||||xx |||||||||||||| ||spa||
082
_a
DVD0080/E11/2009
245
0
_a
Invictus:
942
_c
DVD
999
_c
1458
_d
1458